Selected poems of Algernon Charles Swinburne / (Record no. 77341)
[ view plain ]
| 000 -LEADER | |
|---|---|
| fixed length control field | 00983nam a2200313 i 4500 |
| 001 - CONTROL NUMBER | |
| control field | 77341 |
| 003 - CONTROL NUMBER IDENTIFIER | |
| rucl marc code | BD-RjUL |
| 005 - DATE AND TIME OF LATEST TRANSACTION | |
| control field | 20211209082948.0 |
| 008 - FIXED-LENGTH DATA ELEMENTS--GENERAL INFORMATION | |
| fixed length control field | 200316s1950 at 000 p eng c |
| 035 ## - SYSTEM CONTROL NUMBER | |
| System control number | OCLC ocm01416983 from D970107M |
| 040 ## - CATALOGING SOURCE | |
| Original cataloging agency | DZM |
| Description conventions | rda |
| Transcribing agency | DZM |
| Modifying agency | UKM |
| -- | EQO |
| Language of cataloging | eng |
| 041 ## - LANGUAGE CODE | |
| Language code of text/sound track or separate title | eng |
| 082 ## - DEWEY DECIMAL CLASSIFICATION NUMBER | |
| Classification number | 821.86 |
| Edition number | 21 |
| 100 1# - MAIN ENTRY--PERSONAL NAME | |
| Personal name | Swinburne, Algernon Charles, |
| Dates associated with a name | 1837-1909, |
| Relator term | author. |
| 9 (RLIN) | 240939 |
| 245 10 - TITLE STATEMENT | |
| Title | Selected poems of Algernon Charles Swinburne / |
| Statement of responsibility, etc. | with an introduction by Humphrey Hare. |
| 264 #1 - PRODUCTION, PUBLICATION, DISTRIBUTION, MANUFACTURE, AND COPYRIGHT NOTICE | |
| Place of production, publication, distribution, manufacture | Melbourne ; |
| -- | London : |
| Name of producer, publisher, distributor, manufacturer | Heinemann, |
| Date of production, publication, distribution, manufacture, or copyright notice | [1950] |
| 300 ## - PHYSICAL DESCRIPTION | |
| Pagination | xxxix, 236 pages ; |
| Size | 23 cm |
| 336 ## - CONTENT TYPE | |
| Content type term | text |
| Source | rdacontent |
| 337 ## - MEDIA TYPE | |
| Media type term | unmediated |
| Source | rdamedia |
| 338 ## - CARRIER TYPE | |
| Carrier type term | volume |
| Source | rdacarrier |
| 650 ## - SUBJECT ADDED ENTRY--TOPICAL TERM | |
| Topical term or geographic name as entry element | English poetry |
| 9 (RLIN) | 240940 |
| 700 1# - ADDED ENTRY--PERSONAL NAME | |
| Personal name | Hare, Humphrey, |
| 942 ## - ADDED ENTRY ELEMENTS (KOHA) | |
| Source of classification or shelving scheme | Dewey Decimal Classification |
| Koha item type | Books |
| Lost status | Source of classification or shelving scheme | Damaged status | Not for loan | Collection code | Permanent Location | Current Location | Shelving location | Date acquired | Source of acquisition | Cost, normal purchase price | Total Checkouts | Full call number | Date last seen | Copy number | Koha item type |
|---|---|---|---|---|---|---|---|---|---|---|---|---|---|---|---|
| Dewey Decimal Classification | Non-fiction | Central Library, University of Rajshahi | Central Library, University of Rajshahi | 21/11/1957 | Oxford University press | 4.00 | 821.86 SWS 1950 | 16/03/2020 | C-2 | Books |